Jacques Léonard : Barcelona gitana : 1954-1974 Barcelona gitana :
ISBN:
978-84-92841-96-7
Publicado:
Barcelona :
Arxiu Fotogràfic de Barcelona : Ajuntament de Barcelona, Institut de Cultura ; Madrid : La Fábrica ,
2011
Descripción Física:
109 p. : principalent il. ; 26 cm
Otros Autores:
Léonard, Jacques
MARC
| LEADER | 00000nam a2200000Ia 4500 | ||
|---|---|---|---|
| 001 | 23203 | ||
| 008 | 160829s2011 xx 000 0 cat d | ||
| 020 | |a 978-84-92841-96-7 | ||
| 080 | |a B-2-247 | ||
| 245 | |a Jacques Léonard : |b Barcelona gitana : |b 1954-1974 | ||
| 260 | |a Barcelona : |b Arxiu Fotogràfic de Barcelona : |b Ajuntament de Barcelona, Institut de Cultura ; Madrid : |b La Fábrica, |c 2011 | ||
| 300 | |a 109 p. : |b principalent il. ; |c 26 cm | ||
| 590 | |a Catàleg de l'exposició celebrada a Barcelona del juny del 2011 al gener de 2012. | ||
| 590 | |a Patrocinat per: COMRàdio i el Periódico. | ||
| 600 | 1 | 0 | |a Léonard, Jacques, |d 1909-1995 |9 55136 |
| 650 | |a Gitanos |x Barcelona |x Llibres de làmines |9 46454 | ||
| 700 | |a Léonard, Jacques | ||
| 710 | 2 | |a Institut de Cultura (Barcelona, Catalunya) |9 53422 | |
| 710 | 2 | |a Arxiu Fotogràfic de Barcelona |9 55023 | |
| 901 | |a Arxiu | ||
| 942 | |n 1 | ||
| 952 | |0 0 |1 0 |4 0 |6 B2247 |7 1 |9 53234 |a Arxiu |b Arxiu |d 2016-12-01 |l 0 |o B-2-247 |p 23203 |r 2016-12-01 00:00:00 |w 2016-12-01 |y ARXIU | ||
| 999 | |c 57083 |d 57083 | ||